| 000 | 01349nam a2200301 a 4500 | ||
|---|---|---|---|
| 001 | EDZ0000091667 | ||
| 003 | StDuBDS | ||
| 005 | 20150804193946.0 | ||
| 006 | m||||||||d|||||||| | ||
| 007 | cr|||||||||||| | ||
| 008 | 120702s2010 enka fo| 001 0 eng|d | ||
| 020 |
_a9780199081264 (ebook) : _cNo price |
||
| 040 |
_aStDuBDS _cStDuBDS |
||
| 050 | 0 |
_aHD4699 _b.S753 2010 |
|
| 082 | 0 | 4 |
_a363.60954 _223 |
| 100 | 1 |
_aSridhar, Kala Seetharam, _d1966- |
|
| 245 | 1 | 0 |
_aState of urban services in India's cities _h[electronic resource] : _bspending and financing / _cKala Seetharam Sridhar, A. Venugopala Reddy. |
| 260 |
_aOxford : _bOxford University Press, _cc2010. |
||
| 300 |
_a1 online resource (xviii, 142 p.) : _bill. |
||
| 504 | _aIncludes bibliographical references and index. | ||
| 520 | 8 | _aUsing case studies from Ahmedabad, Kolkata, Jaipur and Bangalore, this book examines the causes of poor public service delivery in India's cities with specific reference to finances and institutional factors. | |
| 588 | _aDescription based on print version record. | ||
| 650 | 0 |
_aMunicipal services _zIndia. |
|
| 650 | 0 |
_aMunicipal services _zUnited States _vCase studies. |
|
| 700 | 1 | _aReddy, A. Venugopal. | |
| 776 | 0 | 8 |
_iPrint version _z9780198065388 |
| 856 | 4 | 0 |
_3Oxford scholarship online _uhttp://dx.doi.org/10.1093/acprof:oso/9780198065388.001.0001 |
| 999 |
_c38421 _d38421 |
||